Sports Quiz

Random Sports or Mixed Word Quiz

Mixed Word: NBA All Star Game 2012 Quiz Stats

 Plays Quiz not verified by Sporcle

Score 0/24 Timer 03:00
0 Plays Today
Team Player % Correct
West Blake Griffin
89%
WestDirk Nowitzki
89%
WestKobe bryant
87.9%
EastLebron James
87.3%
WestChris Paul
86.7%
WestSteve Nash
85.5%
EastChris Bosh
84.4%
EastDwYane Wade
83.8%
EastRoy Hibbert
82.7%
EastLuol Deng
82.1%
EastJoe Johnson
82.1%
WestKevin Love
82.1%
Team Player % Correct
WestAndrew Bynum
81.5%
WestTony Parker
79.2%
EastDerrick Rose
77.5%
EastPaul Pierce
74%
EastDeron Williams
72.8%
WestMarc Gasol
72.3%
West Kevin Durant
71.7%
WestRussell Westbrook
70.5%
EastDwight Howard
65.3%
EastCarmelo Anthony
60.1%
EastAndre Iguodala
48.6%
WestLamarcus Aldridge
41%

You're not logged in!

Compare scores with friends on all Sporcle quizzes.
OR
Log In

Show Comments

Extras

Top Quizzes Today


Score Distribution

Your Account Isn't Verified!

In order to create a playlist on Sporcle, you need to verify the email address you used during registration. Go to your Sporcle Settings to finish the process.

Report this User

Report this user for behavior that violates our Community Guidelines.

Details: